<?xml version="1.0" encoding="UTF-8"?><?xml-stylesheet type="text/xsl" href="static/style.xsl"?><OAI-PMH xmlns="http://www.openarchives.org/OAI/2.0/" xmlns:xsi="http://www.w3.org/2001/XMLSchema-instance" xsi:schemaLocation="http://www.openarchives.org/OAI/2.0/ http://www.openarchives.org/OAI/2.0/OAI-PMH.xsd"><responseDate>2026-06-02T08:32:03Z</responseDate><request verb="GetRecord" identifier="oai:riuma.uma.es:10630/32038" metadataPrefix="marc">https://riuma.uma.es/rest/oai/request</request><GetRecord><record><header><identifier>oai:riuma.uma.es:10630/32038</identifier><datestamp>2026-05-29T12:19:25Z</datestamp><setSpec>com_10630_2254</setSpec><setSpec>col_10630_37953</setSpec></header><metadata><record xmlns="http://www.loc.gov/MARC21/slim" xmlns:dcterms="http://purl.org/dc/terms/" xmlns:doc="http://www.lyncode.com/xoai" xmlns:xsi="http://www.w3.org/2001/XMLSchema-instance" xsi:schemaLocation="http://www.loc.gov/MARC21/slim http://www.loc.gov/standards/marcxml/schema/MARC21slim.xsd">
   <leader>00925njm 22002777a 4500</leader>
   <datafield ind2=" " ind1=" " tag="042">
      <subfield code="a">dc</subfield>
   </datafield>
   <datafield ind2=" " ind1=" " tag="720">
      <subfield code="a">Fernández-Sánchez, Jaime</subfield>
      <subfield code="e">author</subfield>
   </datafield>
   <datafield ind2=" " ind1=" " tag="720">
      <subfield code="a">Cuesta-García, Ana María</subfield>
      <subfield code="e">author</subfield>
   </datafield>
   <datafield ind2=" " ind1=" " tag="720">
      <subfield code="a">Shirani, Shiva</subfield>
      <subfield code="e">author</subfield>
   </datafield>
   <datafield ind2=" " ind1=" " tag="720">
      <subfield code="a">Redondo-Soto, Cinthya</subfield>
      <subfield code="e">author</subfield>
   </datafield>
   <datafield ind2=" " ind1=" " tag="720">
      <subfield code="a">Torre, Ángeles G. de la</subfield>
      <subfield code="e">author</subfield>
   </datafield>
   <datafield ind2=" " ind1=" " tag="720">
      <subfield code="a">Santacruz-Cruz, María Isabel</subfield>
      <subfield code="e">author</subfield>
   </datafield>
   <datafield ind2=" " ind1=" " tag="720">
      <subfield code="a">Salcedo, Inés R.</subfield>
      <subfield code="e">author</subfield>
   </datafield>
   <datafield ind2=" " ind1=" " tag="720">
      <subfield code="a">León-Reina, Laura</subfield>
      <subfield code="e">author</subfield>
   </datafield>
   <datafield ind2=" " ind1=" " tag="720">
      <subfield code="a">García-Aranda, Miguel Ángel</subfield>
      <subfield code="e">author</subfield>
   </datafield>
   <datafield ind2=" " ind1=" " tag="260">
      <subfield code="c">2024</subfield>
   </datafield>
   <datafield ind2=" " ind1=" " tag="520">
      <subfield code="a">Portland cements (PCs) and cement blends are multiphase materials of different&#xd;
fineness, and quantitatively analysing their hydration pathways is very chal-&#xd;
lenging. The dissolution (hydration) of the initial crystalline and amorphous&#xd;
phases must be determined, as well as the formation of labile (such as ettringite),&#xd;
reactive (such as portlandite) and amorphous (such as calcium silicate hydrate&#xd;
gel) components. The microstructural changes with hydration time must also be&#xd;
mapped out. To address this robustly and accurately, an innovative approach is&#xd;
being developed based on in situ measurements of pastes without any sample&#xd;
conditioning. Data are sequentially acquired by Mo K�1 laboratory X-ray&#xd;
powder diffraction (LXRPD) and microtomography (mCT), where the same&#xd;
volume is scanned with time to reduce variability. Wide capillaries (2 mm in&#xd;
diameter) are key to avoid artefacts, e.g. self-desiccation, and to have excellent&#xd;
particle averaging. This methodology is tested in three cement paste samples: (i)&#xd;
a commercial PC 52.5 R, (ii) a blend of 80 wt% of this PC and 20 wt% quartz, to&#xd;
simulate an addition of supplementary cementitious materials, and (iii) a blend&#xd;
of 80 wt% PC and 20 wt% limestone, to simulate a limestone Portland cement.&#xd;
LXRPD data are acquired at 3 h and 1, 3, 7 and 28 days, and mCT data are&#xd;
collected at 12 h and 1, 3, 7 and 28 days. Later age data can also be easily&#xd;
acquired. In this methodology, the amounts of the crystalline phases are directly&#xd;
obtained from Rietveld analysis and the amorphous phase contents are obtained&#xd;
from mass-balance calculations. From the mCT study, and within the attained&#xd;
spatial resolution, three components (porosity, hydrated products and unhy-&#xd;
drated cement particles) are determined. The analyses quantitatively demon-&#xd;
strate the filler effect of quartz and limestone in the hydration of alite and the&#xd;
calcium aluminate phases. Further hydration details are discussed.</subfield>
   </datafield>
   <datafield ind1="8" ind2=" " tag="024">
      <subfield code="a">Fernandez-Sanchez, J., Cuesta, A., Shirani, S., Redondo-Soto, C., De la Torre, A. G., Santacruz, I., Salcedo, I. R., Leon-Reina, L. &amp; Aranda, M. A. G. (2024). Mix and measure II: joint high-energy laboratory powder diffraction and microtomography for cement hydration studies. J. Appl. Cryst. 57.</subfield>
   </datafield>
   <datafield ind1="8" ind2=" " tag="024">
      <subfield code="a">https://hdl.handle.net/10630/32038</subfield>
   </datafield>
   <datafield ind1="8" ind2=" " tag="024">
      <subfield code="a">10.1107/S1600576724004527</subfield>
   </datafield>
   <datafield tag="653" ind2=" " ind1=" ">
      <subfield code="a">Cemento Portland -- Análisis</subfield>
   </datafield>
   <datafield ind2="0" ind1="0" tag="245">
      <subfield code="a">Mix and measure II: joint high-energy laboratory powder diffraction and microtomography for cement hydration studies</subfield>
   </datafield>
</record>
</metadata></record></GetRecord></OAI-PMH>